000 00965cam a2200217 4500
001 WB3839-02
008 021022n2002 000 0 eng u
035 _a(Sirsi) u120213
245 _aHousebuilders call for architects' advice
260 _c2002
490 _aBuilding Design
_v(1552) 18 October 2002, 5(1)
520 _aUp to 72 of Britain's house building companies will invite architects to tell them how to redesign their off-the-peg homes. This is after the House Builders Federation invited pressure group Design for Homes to make its database of architects available to the federation's members. Design for Homes believes that the scheme's advantages include commissions for the architects and better designed housing.
590 _aWB
650 _aHOUSE BUILDERS
650 _aHOUSE BUILDERS FEDERATION
650 _aHOUSE DESIGN
650 _aARCHITECTS
650 _aPPG3
690 _aBUILT ENVIRONMENT-CONSTRUCTION DESIGN
942 _n0
999 _c71411
_d71411